[Event "Weekender - Master"]
[Site "Enniscrone, Sligo, IE"]
[Date "2026.01.31"]
[Round "2"]
[White "White, Nicole"]
[Black "Woods, Christopher"]
[Result "1-0"]
[Board "9"]
[WhiteFideId "2520362"]
[BlackFideId "2518201"]
[WhiteElo "1911"]
[BlackElo "1999"]
[WhiteTeam "IRL"]
[BlackTeam "IRL"]
[WhiteClock "1:30:30"]
[BlackClock "1:30:30"]
[Variant "Standard"]

1. c4 {[%clk 1:30:16]}  e5 {[%clk 1:30:12]} 2. g3 {[%clk 1:30:37]}  Nf6 {[%clk 1:30:31]} 3. Bg2 {[%clk 1:30:41]}  Bc5 {[%clk 1:30:28]} 4. Nc3 {[%clk 1:30:43]}  c6 {[%clk 1:27:36]} 5. d3 {[%clk 1:28:09]}  O-O {[%clk 1:27:17]} 6. Nf3 {[%clk 1:28:18]}  d6 {[%clk 1:20:08]} 7. O-O {[%clk 1:28:24]}  Bb6 {[%clk 1:18:18]} 8. a3 {[%clk 1:25:46]}  a5 {[%clk 1:16:47]} 9. Rb1 {[%clk 1:20:26]}  Re8 {[%clk 1:12:17]} 10. b4 {[%clk 1:19:38]}  axb4 {[%clk 1:11:32]} 11. axb4 {[%clk 1:20:05]}  Nbd7 {[%clk 1:10:19]} 12. b5 {[%clk 1:14:17]}  Qc7 {[%clk 1:07:18]} 13. bxc6 {[%clk 1:11:56]}  bxc6 {[%clk 1:06:38]} 14. Ne1 {[%clk 1:12:13]}  Rb8 {[%clk 1:04:51]} 15. Nc2 {[%clk 1:12:17]}  Nc5 {[%clk 1:02:35]} 16. Ba3 {[%clk 1:09:12]}  Bd7 {[%clk 1:00:28]} 17. Nb4 {[%clk 1:07:19]}  Ra8 {[%clk 0:57:03]} 18. Bc1 {[%clk 1:01:57]}  Ne6 {[%clk 0:53:17]} 19. e3 {[%clk 0:59:57]}  Reb8 {[%clk 0:51:02]} 20. Bd2 {[%clk 1:00:08]}  Qc8 {[%clk 0:48:10]} 21. Kh1 {[%clk 0:49:43]}  Ba5 {[%clk 0:46:36]} 22. Nba2 {[%clk 0:48:52]}  Nd8 {[%clk 0:43:44]} 23. f4 {[%clk 0:43:21]}  exf4 {[%clk 0:39:13]} 24. Rxf4 {[%clk 0:42:14]}  Ne6 {[%clk 0:35:22]} 25. Rf1 {[%clk 0:42:34]}  Nf8 {[%clk 0:35:12]} 26. d4 {[%clk 0:39:38]}  Bh3 {[%clk 0:34:43]} 27. e4 {[%clk 0:38:22]}  Bxg2+ {[%clk 0:34:13]} 28. Kxg2 {[%clk 0:38:51]}  Qe6 {[%clk 0:32:06]} 29. d5 {[%clk 0:35:58]}  Qe8 {[%clk 0:31:58]} 30. Qc2 {[%clk 0:32:31]}  Ng6 {[%clk 0:26:30]} 31. Bf4 {[%clk 0:25:47]}  Rxb1 {[%clk 0:22:56]} 32. Qxb1 {[%clk 0:25:53]}  cxd5 {[%clk 0:22:14]} 33. exd5 {[%clk 0:24:46]}  Rc8 {[%clk 0:21:36]} 34. Qd3 {[%clk 0:23:26]}  Nxf4+ {[%clk 0:20:40]} 35. Rxf4 {[%clk 0:23:54]}  Qe7 {[%clk 0:19:53]} 36. Nb5 {[%clk 0:22:14]}  Rb8 {[%clk 0:17:40]} 37. Rf3 {[%clk 0:20:14]}  Ng4 {[%clk 0:17:03]} 38. h3 {[%clk 0:17:14]}  Ne5 {[%clk 0:16:33]} 39. Qe2 {[%clk 0:17:10]}  Qd7 {[%clk 0:15:53]} 40. Rb3 {[%clk 0:14:48]}  Re8 {[%clk 0:15:21]} 41. Qc2 {[%clk 0:13:43]}  Rc8 {[%clk 0:15:24]} 42. Na3 {[%clk 0:13:39]}  Qa4 {[%clk 0:14:39]} 43. Nc3 {[%clk 0:11:53]}  Bxc3 {[%clk 0:14:21]} 44. Qxc3 {[%clk 0:12:22]}  h6 {[%clk 0:14:23]} 45. Rb4 {[%clk 0:12:23]}  Qd1 {[%clk 0:14:32]} 46. Qe3 {[%clk 0:11:01]}  Ra8 {[%clk 0:14:29]} 47. Rb2 {[%clk 0:09:19]}  Qa1 {[%clk 0:14:18]} 48. Rb3 {[%clk 0:09:06]}  Qa2+ {[%clk 0:14:17]} 49. Kg1 {[%clk 0:07:53]}  Qa1+ {[%clk 0:14:32]} 50. Kg2 {[%clk 0:07:51]}  Qd1 {[%clk 0:14:32]} 51. Rb2 {[%clk 0:05:01]}  g6 {[%clk 0:13:48]} 52. Qb3 {[%clk 0:04:19]}  Kh7 {[%clk 1:30:30]} 53. Qxd1 {[%clk 1:30:30]} 1-0

[Event "Weekender - Master"]
[Site "Enniscrone, Sligo, IE"]
[Date "2026.01.31"]
[Round "2"]
[White "Gallagher, Brian"]
[Black "O`Gorman, Alice"]
[Result "0-1"]
[Board "10"]
[WhiteFideId "2512556"]
[BlackFideId "2508214"]
[WhiteElo "1912"]
[BlackElo "1995"]
[WhiteTeam "IRL"]
[BlackTeam "IRL"]
[WhiteClock "0:08:36"]
[BlackClock "1:11:52"]
[Variant "Standard"]

1. e4 {[%clk 1:23:43]}  c5 {[%clk 1:30:56]} 2. Nf3 {[%clk 1:24:11]}  d6 {[%clk 1:31:21]} 3. d4 {[%clk 1:24:40]}  cxd4 {[%clk 1:31:46]} 4. Nxd4 {[%clk 1:25:08]}  Nf6 {[%clk 1:32:08]} 5. Nc3 {[%clk 1:25:37]}  a6 {[%clk 1:32:32]} 6. Bg5 {[%clk 1:26:05]}  e6 {[%clk 1:32:55]} 7. f4 {[%clk 1:26:34]}  Be7 {[%clk 1:33:20]} 8. Qf3 {[%clk 1:27:02]}  Qc7 {[%clk 1:33:39]} 9. O-O-O {[%clk 1:27:02]}  Nbd7 {[%clk 1:33:57]} 10. g4 {[%clk 1:26:47]}  h6 {[%clk 1:34:22]} 11. Bh4 {[%clk 1:26:50]}  b5 {[%clk 1:32:46]} 12. Bxf6 {[%clk 1:18:28]}  Nxf6 {[%clk 1:29:42]} 13. a3 {[%clk 1:15:21]}  Bb7 {[%clk 1:27:33]} 14. h4 {[%clk 1:14:20]}  d5 {[%clk 1:25:07]} 15. e5 {[%clk 1:08:05]}  Nd7 {[%clk 1:24:58]} 16. g5 {[%clk 1:04:09]}  hxg5 {[%clk 1:21:27]} 17. hxg5 {[%clk 1:03:57]}  Rxh1 {[%clk 1:20:49]} 18. Qxh1 {[%clk 1:04:15]}  Bxa3 {[%clk 1:14:50]} 19. Ncxb5 {[%clk 0:44:24]}  axb5 {[%clk 1:14:34]} 20. Nxb5 {[%clk 0:43:56]}  Bxb2+ {[%clk 1:14:46]} 21. Kxb2 {[%clk 0:43:54]}  Qa5 {[%clk 1:13:26]} 22. Qf3 {[%clk 0:35:21]}  Bc6 {[%clk 1:11:41]} 23. Nd6+ {[%clk 0:32:16]}  Ke7 {[%clk 1:11:50]} 24. Qe3 {[%clk 0:23:59]}  Qb4+ {[%clk 1:11:00]} 25. Qb3 {[%clk 0:23:17]}  Qxf4 {[%clk 1:10:47]} 26. Qc3 {[%clk 0:09:29]}  Rb8+ {[%clk 1:10:38]} 27. Ka2 {[%clk 0:07:00]}  Qa4+ {[%clk 1:11:01]} 28. Qa3 {[%clk 0:07:21]}  Qxc2+ {[%clk 1:11:26]} 29. Ka1 {[%clk 0:07:42]}  Qxd1+ {[%clk 1:11:50]} 30. Ka2 {[%clk 0:08:07]}  Qc2+ {[%clk 1:12:15]} 31. Ka1 {[%clk 0:08:36]}  Rb1# {[%clk 1:11:52]} 0-1

[Event "Weekender - Master"]
[Site "Enniscrone, Sligo, IE"]
[Date "2026.01.31"]
[Round "2"]
[White "Woods, Yannick"]
[Black "Machin Arbelo, Pedro Alexis"]
[Result "1-0"]
[Board "11"]
[WhiteFideId "2518384"]
[BlackFideId "2260972"]
[WhiteElo "2023"]
[BlackElo "1954"]
[WhiteTeam "IRL"]
[BlackTeam "ESP"]
[WhiteClock "0:09:58"]
[BlackClock "0:00:55"]
[Variant "Standard"]

1. d4 {[%clk 1:30:58]}  e6 {[%clk 1:25:26]} 2. c4 {[%clk 1:31:15]}  d5 {[%clk 1:25:41]} 3. Nc3 {[%clk 1:31:09]}  Nf6 {[%clk 1:25:58]} 4. cxd5 {[%clk 1:30:25]}  exd5 {[%clk 1:26:19]} 5. Bg5 {[%clk 1:30:51]}  Nbd7 {[%clk 1:26:22]} 6. e3 {[%clk 1:30:48]}  c6 {[%clk 1:26:46]} 7. Bd3 {[%clk 1:30:12]}  Be7 {[%clk 1:27:08]} 8. h3 {[%clk 1:28:00]}  Ne4 {[%clk 1:19:45]} 9. Bxe4 {[%clk 1:07:09]}  dxe4 {[%clk 1:13:39]} 10. Bf4 {[%clk 1:02:37]}  f5 {[%clk 1:05:59]} 11. g4 {[%clk 0:47:15]}  Nf6 {[%clk 1:01:39]} 12. gxf5 {[%clk 0:43:53]}  Bxf5 {[%clk 1:01:57]} 13. Nge2 {[%clk 0:44:17]}  Qd7 {[%clk 0:50:02]} 14. Qc2 {[%clk 0:37:33]}  Bxh3 {[%clk 0:33:52]} 15. O-O-O {[%clk 0:38:00]}  Bg4 {[%clk 0:20:15]} 16. Rd2 {[%clk 0:29:26]}  Bb4 {[%clk 0:18:52]} 17. Be5 {[%clk 0:24:53]}  Bf3 {[%clk 0:05:53]} 18. Rh4 {[%clk 0:23:57]}  O-O-O {[%clk 0:04:25]} 19. Qa4 {[%clk 0:20:22]}  a5 {[%clk 0:04:45]} 20. a3 {[%clk 0:18:46]}  b5 {[%clk 0:05:08]} 21. Qc2 {[%clk 0:17:52]}  Bxe2 {[%clk 0:03:20]} 22. Rxe2 {[%clk 0:17:29]}  Bxc3 {[%clk 0:03:42]} 23. Qxc3 {[%clk 0:17:58]}  a4 {[%clk 0:02:36]} 24. Rc2 {[%clk 0:17:28]}  Kb7 {[%clk 0:02:51]} 25. Bxf6 {[%clk 0:15:16]}  gxf6 {[%clk 0:03:19]} 26. Rxe4 {[%clk 0:15:45]}  Rde8 {[%clk 0:02:23]} 27. Rh4 {[%clk 0:12:04]}  h5 {[%clk 0:02:28]} 28. Qd3 {[%clk 0:11:41]}  f5 {[%clk 0:02:19]} 29. Rc5 {[%clk 0:10:11]}  Ref8 {[%clk 0:02:47]} 30. d5 {[%clk 0:10:13]}  Qe7 {[%clk 0:00:49]} 31. Rxc6 {[%clk 0:09:57]}  Rc8 {[%clk 0:00:34]} 32. Qxb5+ {[%clk 0:10:21]}  Ka8 {[%clk 0:00:55]} 33. Rxa4+ {[%clk 0:09:58]} 1-0

[Event "Weekender - Master"]
[Site "Enniscrone, Sligo, IE"]
[Date "2026.01.31"]
[Round "2"]
[White "Halvorsen, Benjamin"]
[Black "Millward, Kevin P"]
[Result "1-0"]
[Board "12"]
[WhiteFideId "1516604"]
[BlackFideId "404721"]
[WhiteElo "1995"]
[BlackElo "1948"]
[WhiteTeam "NOR"]
[BlackTeam "ENG"]
[WhiteClock "0:04:39"]
[BlackClock "0:03:17"]
[Variant "Standard"]

1. e4 {[%clk 1:30:56]}  d6 {[%clk 1:29:50]} 2. d4 {[%clk 1:31:20]}  Nf6 {[%clk 1:30:10]} 3. Nc3 {[%clk 1:31:44]}  e5 {[%clk 1:29:15]} 4. dxe5 {[%clk 1:31:35]}  dxe5 {[%clk 1:29:37]} 5. Qxd8+ {[%clk 1:31:33]}  Kxd8 {[%clk 1:30:01]} 6. Bc4 {[%clk 1:31:22]}  Bb4 {[%clk 1:27:09]} 7. Bg5 {[%clk 1:22:33]}  Be6 {[%clk 1:12:06]} 8. Bxe6 {[%clk 1:11:35]}  fxe6 {[%clk 1:10:06]} 9. O-O-O+ {[%clk 1:09:18]}  Ke8 {[%clk 1:02:25]} 10. Nge2 {[%clk 1:04:56]}  Nc6 {[%clk 0:58:30]} 11. f3 {[%clk 1:03:16]}  a6 {[%clk 0:55:11]} 12. a3 {[%clk 0:57:16]}  Bc5 {[%clk 0:53:43]} 13. Rd3 {[%clk 0:54:40]}  Rd8 {[%clk 0:47:44]} 14. Rhd1 {[%clk 0:53:10]}  Ke7 {[%clk 0:39:40]} 15. Kb1 {[%clk 0:44:40]}  h6 {[%clk 0:33:28]} 16. Bc1 {[%clk 0:42:54]}  b5 {[%clk 0:27:02]} 17. b3 {[%clk 0:39:11]}  Bb6 {[%clk 0:23:08]} 18. Bb2 {[%clk 0:35:35]}  Nd4 {[%clk 0:18:48]} 19. f4 {[%clk 0:26:02]}  Nxe2 {[%clk 0:14:32]} 20. Nxe2 {[%clk 0:26:25]}  Nxe4 {[%clk 0:10:48]} 21. Bxe5 {[%clk 0:25:10]}  Rxd3 {[%clk 0:09:57]} 22. Rxd3 {[%clk 0:24:42]}  Rg8 {[%clk 0:07:25]} 23. Nd4 {[%clk 0:24:04]}  Bxd4 {[%clk 0:06:41]} 24. Rxd4 {[%clk 0:23:54]}  Nd6 {[%clk 0:06:09]} 25. Rd3 {[%clk 0:23:18]}  g6 {[%clk 0:05:40]} 26. Rh3 {[%clk 0:22:10]}  h5 {[%clk 0:03:16]} 27. g4 {[%clk 0:19:17]}  hxg4 {[%clk 0:03:23]} 28. Rh7+ {[%clk 0:18:19]}  Nf7 {[%clk 0:02:39]} 29. Bxc7 {[%clk 0:17:31]}  g5 {[%clk 0:01:33]} 30. fxg5 {[%clk 0:13:25]}  Rxg5 {[%clk 0:01:42]} 31. Bg3 {[%clk 0:13:36]}  Rf5 {[%clk 0:01:21]} 32. Rg7 {[%clk 0:13:38]}  Kf6 {[%clk 0:00:38]} 33. Rxg4 {[%clk 0:13:37]}  Rh5 {[%clk 0:00:39]} 34. Rg8 {[%clk 0:12:09]}  Rc5 {[%clk 0:00:36]} 35. Ra8 {[%clk 0:08:06]}  Rc6 {[%clk 0:01:04]} 36. Ra7 {[%clk 0:06:16]}  Nh6 {[%clk 0:00:57]} 37. Rc7 {[%clk 0:04:11]}  Rb6 {[%clk 0:00:38]} 38. Bf2 {[%clk 0:04:06]}  Rd6 {[%clk 0:01:02]} 39. Bc5 {[%clk 0:03:29]}  Rd2 {[%clk 0:00:33]} 40. h4 {[%clk 0:02:53]}  Nf5 {[%clk 0:00:42]} 41. Ra7 {[%clk 0:03:05]}  Nxh4 {[%clk 0:00:33]} 42. Be7+ {[%clk 0:03:28]}  Kf5 {[%clk 0:00:45]} 43. Bxh4 {[%clk 0:03:50]}  Rd6 {[%clk 0:01:10]} 44. Bg3 {[%clk 0:03:53]}  Rc6 {[%clk 0:01:31]} 45. Rc7 {[%clk 0:04:12]}  Rb6 {[%clk 0:01:53]} 46. Bf2 {[%clk 0:04:34]}  Rd6 {[%clk 0:02:22]} 47. Bc5 {[%clk 0:04:49]}  Rd5 {[%clk 0:02:48]} 48. Bb4 {[%clk 0:04:55]}  e5 {[%clk 0:02:53]} 49. Rc6 {[%clk 0:04:38]}  e4 {[%clk 0:03:17]} 50. Rc5 {[%clk 0:04:39]} 1-0

[Event "Weekender - Master"]
[Site "Enniscrone, Sligo, IE"]
[Date "2026.01.31"]
[Round "2"]
[White "Haque, Mustakim-Ul"]
[Black "Nikiforov, Sergey"]
[Result "1-0"]
[Board "13"]
[WhiteFideId "2509334"]
[BlackFideId "14129086"]
[WhiteElo "1967"]
[BlackElo "1933"]
[WhiteTeam "IRL"]
[BlackTeam "UKR"]
[WhiteClock "0:03:03"]
[BlackClock "0:14:39"]
[Variant "Standard"]

1. d4 {[%clk 1:24:08]}  c5 {[%clk 1:30:30]} 2. d5 {[%clk 1:24:28]}  e6 {[%clk 1:30:54]} 3. c4 {[%clk 1:24:52]}  exd5 {[%clk 1:31:18]} 4. cxd5 {[%clk 1:25:16]}  d6 {[%clk 1:31:41]} 5. Nc3 {[%clk 1:25:29]}  Na6 {[%clk 1:31:43]} 6. Nf3 {[%clk 1:25:40]}  Nf6 {[%clk 1:32:01]} 7. e4 {[%clk 1:25:12]}  Nc7 {[%clk 1:32:13]} 8. a4 {[%clk 1:24:37]}  g6 {[%clk 1:30:46]} 9. g3 {[%clk 1:24:20]}  Bg7 {[%clk 1:31:07]} 10. Bg2 {[%clk 1:24:44]}  O-O {[%clk 1:31:28]} 11. O-O {[%clk 1:24:56]}  Bg4 {[%clk 1:29:39]} 12. h3 {[%clk 1:23:45]}  Bxf3 {[%clk 1:29:32]} 13. Qxf3 {[%clk 1:23:14]}  Nd7 {[%clk 1:26:40]} 14. Bf4 {[%clk 1:18:55]}  Ne5 {[%clk 1:24:27]} 15. Qe2 {[%clk 1:17:20]}  Qd7 {[%clk 1:10:32]} 16. Bd2 {[%clk 0:55:26]}  f5 {[%clk 1:08:19]} 17. f4 {[%clk 0:50:06]}  Nf7 {[%clk 1:07:48]} 18. Kh2 {[%clk 0:43:55]}  Rae8 {[%clk 1:04:48]} 19. Qc4 {[%clk 0:34:16]}  a6 {[%clk 1:00:31]} 20. e5 {[%clk 0:28:16]}  dxe5 {[%clk 0:53:45]} 21. fxe5 {[%clk 0:23:39]}  Bxe5 {[%clk 0:52:37]} 22. Qxc5 {[%clk 0:22:28]}  Qd6 {[%clk 0:51:08]} 23. Qf2 {[%clk 0:22:07]}  h5 {[%clk 0:49:17]} 24. Bf4 {[%clk 0:16:39]}  g5 {[%clk 0:43:56]} 25. Bxe5 {[%clk 0:13:26]}  Nxe5 {[%clk 0:44:18]} 26. Qd2 {[%clk 0:12:44]}  f4 {[%clk 0:40:52]} 27. gxf4 {[%clk 0:11:32]}  Rxf4 {[%clk 0:39:10]} 28. Rxf4 {[%clk 0:11:40]}  Ng6 {[%clk 0:37:51]} 29. Ne4 {[%clk 0:11:11]}  Rxe4 {[%clk 0:34:29]} 30. Bxe4 {[%clk 0:11:28]}  Nxf4 {[%clk 0:34:50]} 31. Kh1 {[%clk 0:06:03]}  Nxh3 {[%clk 0:33:12]} 32. Qh2 {[%clk 0:04:45]}  Nf4 {[%clk 0:32:19]} 33. Qg3 {[%clk 0:04:21]}  Qe5 {[%clk 0:31:15]} 34. Re1 {[%clk 0:04:41]}  Kg7 {[%clk 0:25:56]} 35. d6 {[%clk 0:04:18]}  Nce6 {[%clk 0:24:45]} 36. Qc3 {[%clk 0:02:50]}  Qxc3 {[%clk 0:22:36]} 37. bxc3 {[%clk 0:03:15]}  Nc5 {[%clk 0:14:39]} 38. Bf5 {[%clk 0:03:03]} 1-0

[Event "Weekender - Master"]
[Site "Enniscrone, Sligo, IE"]
[Date "2026.01.31"]
[Round "2"]
[White "Gulljord, Birk"]
[Black "Comley, Jamie"]
[Result "0-1"]
[Board "14"]
[WhiteFideId "1542753"]
[BlackFideId "2524260"]
[WhiteElo "1925"]
[BlackElo "1960"]
[WhiteTeam "NOR"]
[BlackTeam "IRL"]
[WhiteClock "0:01:04"]
[BlackClock "0:31:18"]
[Variant "Standard"]

1. d4 {[%clk 1:30:57]}  Nf6 {[%clk 1:30:51]} 2. c4 {[%clk 1:31:21]}  g6 {[%clk 1:31:16]} 3. Nf3 {[%clk 1:31:46]}  Bg7 {[%clk 1:31:39]} 4. g3 {[%clk 1:32:12]}  d5 {[%clk 1:32:00]} 5. cxd5 {[%clk 1:32:31]}  Nxd5 {[%clk 1:32:24]} 6. Bg2 {[%clk 1:32:56]}  Nb6 {[%clk 1:31:37]} 7. O-O {[%clk 1:32:42]}  Nc6 {[%clk 1:30:09]} 8. Nc3 {[%clk 1:19:39]}  Nxd4 {[%clk 1:29:32]} 9. Nxd4 {[%clk 1:12:47]}  Qxd4 {[%clk 1:29:52]} 10. Qc2 {[%clk 1:04:02]}  c6 {[%clk 1:25:41]} 11. Be3 {[%clk 0:58:39]}  Qc4 {[%clk 1:23:17]} 12. Qd2 {[%clk 0:49:46]}  Bf5 {[%clk 1:09:05]} 13. Rfd1 {[%clk 0:40:57]}  Qb4 {[%clk 1:02:28]} 14. a3 {[%clk 0:30:04]}  Qb3 {[%clk 0:54:01]} 15. Bh6 {[%clk 0:23:49]}  Nc4 {[%clk 0:57:00]} 16. Qc1 {[%clk 0:22:30]}  O-O {[%clk 0:56:08]} 17. Bxg7 {[%clk 0:19:38]}  Kxg7 {[%clk 0:56:06]} 18. Rd4 {[%clk 0:13:26]}  e5 {[%clk 0:42:46]} 19. Rh4 {[%clk 0:13:35]}  h5 {[%clk 0:42:32]} 20. e4 {[%clk 0:05:30]}  Be6 {[%clk 0:41:16]} 21. Bf1 {[%clk 0:04:43]}  Qxb2 {[%clk 0:35:42]} 22. Qxb2 {[%clk 0:03:56]}  Nxb2 {[%clk 0:36:04]} 23. Rb1 {[%clk 0:03:05]}  Nc4 {[%clk 0:35:53]} 24. f4 {[%clk 0:00:33]}  Nd2 {[%clk 0:32:03]} 25. Rxb7 {[%clk 0:00:51]}  Nf3+ {[%clk 0:32:27]} 26. Kf2 {[%clk 0:00:35]}  Nxh4 {[%clk 0:32:47]} 27. fxe5 {[%clk 0:00:41]}  Rfb8 {[%clk 0:30:45]} 28. Rxb8 {[%clk 0:00:38]}  Rxb8 {[%clk 0:31:08]} 29. gxh4 {[%clk 0:01:04]}  Rb3 {[%clk 0:31:18]} 0-1

[Event "Weekender - Master"]
[Site "Enniscrone, Sligo, IE"]
[Date "2026.01.31"]
[Round "3"]
[White "Flynn, Jacob"]
[Black "MacElligott, Gerard"]
[Result "1-0"]
[Board "1"]
[WhiteFideId "2509393"]
[BlackFideId "2500647"]
[WhiteTitle "CM"]
[BlackTitle "CM"]
[WhiteElo "2218"]
[BlackElo "1921"]
[WhiteTeam "IRL"]
[BlackTeam "IRL"]
[WhiteClock "0:52:41"]
[BlackClock "0:22:52"]
[Variant "Standard"]

1. e4 {[%clk 1:26:13]}  c5 {[%clk 1:30:35]} 2. Nf3 {[%clk 1:26:08]}  g6 {[%clk 1:30:37]} 3. d4 {[%clk 1:26:18]}  cxd4 {[%clk 1:31:01]} 4. Nxd4 {[%clk 1:26:46]}  Nf6 {[%clk 1:30:34]} 5. Nc3 {[%clk 1:27:07]}  Nc6 {[%clk 1:30:44]} 6. Be3 {[%clk 1:26:56]}  Bg7 {[%clk 1:31:01]} 7. Nxc6 {[%clk 1:27:21]}  bxc6 {[%clk 1:30:34]} 8. e5 {[%clk 1:25:17]}  Ng8 {[%clk 1:29:11]} 9. Bd4 {[%clk 1:25:38]}  f6 {[%clk 1:24:21]} 10. Qe2 {[%clk 1:25:30]}  fxe5 {[%clk 1:08:43]} 11. Bxe5 {[%clk 1:24:37]}  Bxe5 {[%clk 1:05:29]} 12. Qxe5 {[%clk 1:24:54]}  Nf6 {[%clk 1:05:50]} 13. O-O-O {[%clk 1:16:42]}  O-O {[%clk 0:58:49]} 14. Bc4+ {[%clk 1:15:39]}  d5 {[%clk 0:53:53]} 15. Nxd5 {[%clk 1:12:31]}  cxd5 {[%clk 0:43:46]} 16. Rxd5 {[%clk 1:12:45]}  Nxd5 {[%clk 0:40:30]} 17. Bxd5+ {[%clk 1:12:55]}  e6 {[%clk 0:40:17]} 18. Bxa8 {[%clk 1:13:18]}  Qb6 {[%clk 0:38:56]} 19. Bf3 {[%clk 1:04:52]}  a5 {[%clk 0:35:38]} 20. Qe3 {[%clk 1:01:55]}  Qxe3+ {[%clk 0:29:29]} 21. fxe3 {[%clk 1:02:18]}  Kf7 {[%clk 0:29:14]} 22. Rd1 {[%clk 1:00:22]}  Ke7 {[%clk 0:29:33]} 23. b3 {[%clk 0:59:35]}  Bd7 {[%clk 0:28:54]} 24. Kb2 {[%clk 0:59:57]}  g5 {[%clk 0:28:09]} 25. Rd4 {[%clk 0:58:18]}  Rf5 {[%clk 0:25:04]} 26. c4 {[%clk 0:54:54]}  h5 {[%clk 0:24:11]} 27. h3 {[%clk 0:54:30]}  e5 {[%clk 0:23:44]} 28. Rd2 {[%clk 0:54:44]}  Be8 {[%clk 0:23:26]} 29. Be4 {[%clk 0:54:26]}  Rf1 {[%clk 0:22:52]} 30. c5 {[%clk 0:52:41]} 1-0

[Event "Weekender - Master"]
[Site "Enniscrone, Sligo, IE"]
[Date "2026.01.31"]
[Round "3"]
[White "O`Gorman, Alice"]
[Black "Melaugh, Shane"]
[Result "1/2-1/2"]
[Board "2"]
[WhiteFideId "2508214"]
[BlackFideId "2509580"]
[BlackTitle "FM"]
[WhiteElo "1995"]
[BlackElo "2189"]
[WhiteTeam "IRL"]
[BlackTeam "IRL"]
[WhiteClock "0:06:52"]
[BlackClock "0:06:06"]
[Variant "Standard"]

1. e4 {[%clk 1:25:51]}  d6 {[%clk 1:27:02]} 2. d4 {[%clk 1:26:16]}  Nf6 {[%clk 1:27:27]} 3. Nc3 {[%clk 1:26:33]}  a6 {[%clk 1:27:51]} 4. g3 {[%clk 1:22:56]}  b5 {[%clk 1:27:30]} 5. Bg2 {[%clk 1:22:52]}  Bb7 {[%clk 1:27:55]} 6. a3 {[%clk 1:23:07]}  Nbd7 {[%clk 1:20:58]} 7. Nge2 {[%clk 1:17:49]}  c5 {[%clk 1:16:53]} 8. d5 {[%clk 1:17:24]}  g6 {[%clk 1:14:49]} 9. O-O {[%clk 1:17:10]}  Bg7 {[%clk 1:15:16]} 10. h3 {[%clk 1:15:31]}  O-O {[%clk 1:15:26]} 11. Be3 {[%clk 1:15:20]}  Nb6 {[%clk 1:15:34]} 12. Qc1 {[%clk 0:57:51]}  Re8 {[%clk 1:15:22]} 13. Bh6 {[%clk 0:55:07]}  Bh8 {[%clk 1:15:14]} 14. Nf4 {[%clk 0:52:08]}  Nc4 {[%clk 1:09:48]} 15. h4 {[%clk 0:49:37]}  Ng4 {[%clk 1:08:22]} 16. Bg5 {[%clk 0:45:06]}  h6 {[%clk 1:05:52]} 17. Nxg6 {[%clk 0:42:19]}  fxg6 {[%clk 1:06:10]} 18. Bxh6 {[%clk 0:42:17]}  Nxb2 {[%clk 1:04:50]} 19. Ne2 {[%clk 0:39:57]}  Nc4 {[%clk 1:04:56]} 20. Qg5 {[%clk 0:36:29]}  Nce5 {[%clk 1:00:48]} 21. h5 {[%clk 0:31:28]}  Bf6 {[%clk 0:59:59]} 22. Qf4 {[%clk 0:30:07]}  gxh5 {[%clk 0:59:15]} 23. f3 {[%clk 0:27:59]}  Nxh6 {[%clk 0:55:16]} 24. Qxh6 {[%clk 0:28:23]}  Bg7 {[%clk 0:49:06]} 25. Qxh5 {[%clk 0:26:21]}  e6 {[%clk 0:49:03]} 26. f4 {[%clk 0:24:36]}  Nf7 {[%clk 0:49:11]} 27. Rad1 {[%clk 0:20:26]}  exd5 {[%clk 0:49:09]} 28. e5 {[%clk 0:18:41]}  Qe7 {[%clk 0:46:25]} 29. Nc3 {[%clk 0:16:47]}  d4 {[%clk 0:43:51]} 30. Nd5 {[%clk 0:15:08]}  Bxd5 {[%clk 0:42:17]} 31. Bxd5 {[%clk 0:15:31]}  Ra7 {[%clk 0:42:06]} 32. e6 {[%clk 0:14:46]}  Nh6 {[%clk 0:40:43]} 33. f5 {[%clk 0:13:48]}  Qf6 {[%clk 0:24:18]} 34. Qxe8+ {[%clk 0:13:48]}  Kh7 {[%clk 0:24:45]} 35. Qh5 {[%clk 0:12:05]}  Bf8 {[%clk 0:25:06]} 36. Qh4 {[%clk 0:10:23]}  Be7 {[%clk 0:18:51]} 37. Qxf6 {[%clk 0:09:58]}  Bxf6 {[%clk 0:19:15]} 38. Kg2 {[%clk 0:10:03]}  Ng4 {[%clk 0:19:36]} 39. Rh1+ {[%clk 0:07:51]}  Kg7 {[%clk 0:20:01]} 40. Kf3 {[%clk 0:06:18]}  Ne3 {[%clk 0:19:42]} 41. Ke4 {[%clk 0:06:37]}  Nxd1 {[%clk 0:19:05]} 42. Rxd1 {[%clk 0:07:02]}  Rc7 {[%clk 0:06:18]} 43. a4 {[%clk 0:06:52]}  Ra7 {[%clk 0:06:06]} 1/2-1/2

[Event "Weekender - Master"]
[Site "Enniscrone, Sligo, IE"]
[Date "2026.01.31"]
[Round "3"]
[White "Campbell, Andrew"]
[Black "Govindaraju, Darun"]
[Result "1-0"]
[Board "3"]
[WhiteFideId "2518392"]
[BlackFideId "2519690"]
[WhiteElo "1904"]
[BlackElo "2124"]
[WhiteTeam "IRL"]
[BlackTeam "IRL"]
[WhiteClock "1:03:10"]
[BlackClock "0:36:46"]
[Variant "Standard"]

1. d4 {[%clk 1:30:09]}  d5 {[%clk 1:30:56]} 2. Nc3 {[%clk 1:30:18]}  Nf6 {[%clk 1:31:22]} 3. Bf4 {[%clk 1:30:44]}  c5 {[%clk 1:31:44]} 4. e4 {[%clk 1:31:07]}  cxd4 {[%clk 1:32:02]} 5. Qxd4 {[%clk 1:31:22]}  Nc6 {[%clk 1:32:25]} 6. Bb5 {[%clk 1:31:49]}  Bd7 {[%clk 1:32:44]} 7. Bxc6 {[%clk 1:32:11]}  Bxc6 {[%clk 1:32:57]} 8. e5 {[%clk 1:31:40]}  Nd7 {[%clk 1:33:13]} 9. e6 {[%clk 1:31:32]}  fxe6 {[%clk 1:33:31]} 10. Nf3 {[%clk 1:31:50]}  Qb6 {[%clk 1:33:29]} 11. Qd2 {[%clk 1:29:21]}  O-O-O {[%clk 1:13:39]} 12. O-O {[%clk 1:26:27]}  h6 {[%clk 1:07:26]} 13. Rfe1 {[%clk 1:25:01]}  Nc5 {[%clk 1:07:03]} 14. Be3 {[%clk 1:22:16]}  Rg8 {[%clk 0:53:04]} 15. Bd4 {[%clk 1:15:21]}  Bd7 {[%clk 0:49:47]} 16. Qe3 {[%clk 1:13:32]}  g5 {[%clk 0:45:16]} 17. Bxc5 {[%clk 1:13:41]}  Qc7 {[%clk 0:45:42]} 18. Bxa7 {[%clk 1:13:02]}  Qd6 {[%clk 0:44:44]} 19. Ne5 {[%clk 1:11:50]}  Be8 {[%clk 0:44:35]} 20. Rad1 {[%clk 1:10:50]}  Bg7 {[%clk 0:41:02]} 21. Nc4 {[%clk 1:07:52]}  Qa6 {[%clk 0:39:30]} 22. Nb6+ {[%clk 1:06:40]}  Kc7 {[%clk 0:38:36]} 23. Qc5+ {[%clk 1:05:38]}  Bc6 {[%clk 0:38:58]} 24. Qxe7+ {[%clk 1:05:56]}  Rd7 {[%clk 0:37:07]} 25. Nxd7 {[%clk 1:05:48]}  Bxd7 {[%clk 0:37:30]} 26. Qf7 {[%clk 1:04:09]}  Bxc3 {[%clk 0:37:10]} 27. bxc3 {[%clk 1:04:35]}  Rd8 {[%clk 0:36:56]} 28. Bd4 {[%clk 1:04:30]}  Qc6 {[%clk 0:36:54]} 29. Rb1 {[%clk 1:04:01]}  Re8 {[%clk 0:37:03]} 30. Rb6 {[%clk 1:01:43]}  Qa4 {[%clk 0:36:07]} 31. Reb1 {[%clk 1:01:52]}  Rb8 {[%clk 0:35:36]} 32. Be5+ {[%clk 1:02:16]}  Kc8 {[%clk 0:35:57]} 33. Bxb8 {[%clk 1:02:23]}  Kxb8 {[%clk 0:36:04]} 34. Rxb7+ {[%clk 1:02:46]}  Ka8 {[%clk 0:36:26]} 35. Rxd7 {[%clk 1:02:49]}  Qxc2 {[%clk 0:36:46]} 36. Ra7# {[%clk 1:03:10]} 1-0